Velká transformace střední a východní Evropy: úspěch a zklamání
Hlavný smer ekonomickej a politickej transformácie západnej civilizácie. Šesť najdôležitejších charakteristík transformácie, ktorá sa uskutočnila v stredoeurópskom regióne v priebehu uplynulých pätnástich rokoch. Historické paralely. Faktory urýchľujúce transformačný proces. Hodnotenie transformáčné...
Gespeichert in:
| 1. Verfasser: | |
|---|---|
| Format: | Buchkapitel |
| Sprache: | Tschechisch |
| Schlagworte: | |
| Tags: |
Keine Tags, Fügen Sie das erste Tag hinzu!
|
MARC
| LEADER | 00000naa$a2200000$$$4500 | ||
|---|---|---|---|
| 001 | 0046371 | ||
| 005 | 20231019130837.9 | ||
| 041 | 0 | |a cze | |
| 044 | |a CZ | ||
| 245 | 1 | 0 | |a Velká transformace střední a východní Evropy: úspěch a zklamání |c János Kornai |
| 520 | |a Hlavný smer ekonomickej a politickej transformácie západnej civilizácie. Šesť najdôležitejších charakteristík transformácie, ktorá sa uskutočnila v stredoeurópskom regióne v priebehu uplynulých pätnástich rokoch. Historické paralely. Faktory urýchľujúce transformačný proces. Hodnotenie transformáčného procesu. | ||
| 610 | 2 | 0 | |a transformácia |
| 610 | 2 | 0 | |a stredná Európa |
| 610 | 2 | 0 | |a východná Európa |
| 610 | 2 | 0 | |a SVE |
| 610 | 2 | 0 | |a Európska únia |
| 610 | 2 | 0 | |a reformy hospodárske |
| 610 | 2 | 0 | |a história |
| 100 | 1 | |a Kornai, János | |